Loreto College Library, Kolkata
WEBOPAC (ONLINE PUBLIC ACCESS CATALOGUE)

Sweden's best stories (Record no. 22918)

MARC details
000 -LEADER
fixed length control field 00579nam a2200169Ia 4500
008 - FIXED-LENGTH DATA ELEMENTS--GENERAL INFORMATION
fixed length control field 131103s9999 xx 000 0 und d
040 ## - CATALOGING SOURCE
Original cataloging agency Loreto College
041 ## - LANGUAGE CODE
Language code English
082 ## - DDC | ডিউই
Classification number | বর্গসংখ্যা 839.7/LAR
Book Number | গ্রন্থাঙ্ক LCLIB
245 ## - TITLE STATEMENT | অাখ্যা বিবরণী
Title | অাখ্যা Sweden's best stories
Sub title | উপঅাখ্যা an introduction to swedish fiction
Statement of responsibility | লেখকের দায়িত্বের বিবরণ translation by Charles Wharton Stork; edited by Hanna Astrup Larsen
260 ## - IMPRINT | প্রকাশনা ক্ষেত্র
Place of publication | প্রকাশ স্থান New York
Name of publisher | প্রকাশকের নাম The American Scandinavian Foundation
Date of publication | প্রকাশ কাল c 1928
300 ## - PHYSICAL DESCRIPTION |
Page / Vol. No | পৃষ্ঠা / খন্ড সংখ্যা xxiii,365p.
650 ## - SUBJECT ADDED ENTRY--TOPICAL TERM | বিষয় শিরোনাম - মূল বিষয়
Topical term | মূল বিষয় German literature
700 ## - ADDED ENTRY--PERSONAL NAME | অতিরিক্ত সংলেখ - ব্
Personal name | ব্যাক্তিনাম Stork, Charles Wharton; tr.
850 ## - HOLDING INSTITUTION
Holding institution LCLIB/839.7/LAR
942 ## - ADDED ENTRY ELEMENTS (KOHA)
Koha item type Books
Holdings
Withdrawn status Lost status Damaged status Not for loan Home library Current library Date acquired Total Checkouts Full call number Accession No. Date last seen Price effective from Koha item type
        Loreto College Loreto College 04/11/2013   839.7/LAR LCLIB B25480 04/11/2013 04/11/2013 Books